Bilecik Bilecik Bilecik Bilecik Bilecik

Dictionary of psychological counseling and guidance terms = (Record no. 51257)

MARC details
000 -BAŞLIK
Sabit Uzunluktaki Kontrol Alanı 01444nam a22003977a 4500
001 - KONTROL NUMARASI
Control Dosyası 0051433
003 - KONTROL NUMARASI KİMLİĞİ
Kontrol Alanı KOHA_MİRAKIL
005 - EN SON İŞLEM TARİHİ ve ZAMANI
Kontrol Alanı 20260207003805.0
007 - FİZİKSEL TANIM SABİT ALAN - GENEL BİLGİ
Sabit uzunluklu kontrol alanı ta
008 - SABİT UZUNLUKTAKİ VERİ ÖGELERİ - GENEL BİLGİ
Sabit Alan 150629b2012 xx |||grd|||#0|||0|xxx |
020 ## - ISBN - ULUSLARARASI STANDART KİTAP NUMARASI
Isbn 9786051333601
040 ## - KATALOGLAMA KAYNAĞI
Özgün Kataloglama Kurumu TR-BiSEU
Kataloglama Dili tur
Çeviri Kurumu TR-BiSEU
Açıklama Kuralları rda
041 0# - DİL KODU
Metin ya da ses kaydının dil kodu xxx
050 ## - SINIFLAMA ve YER NUMARASI
Sınıflama Numarası BF31
Yer Numarası .D53 2012
240 10 - TEK BİÇİM BAŞLIK
Tekbiçim Başlık <a href="Psikolojik danışma ve rehberlik terimleri sözlüğü">Psikolojik danışma ve rehberlik terimleri sözlüğü</a>
Language of a work
245 1# - ESER ADI BİLDİRİMİ
Başlık Dictionary of psychological counseling and guidance terms =
Alt Eseradı vb. Psikolojik danışma ve rehberlik terimleri sözlüğü/
Sorumluluk Bildirimi editör Nilüfer Voltan Acar.
264 #1 - ÜRERİM, YAYIN, DAĞITIM ve TELİF BİLDİRİMİ
Yayın yeri Ankara :
Yayınlayan Nobel Akademik Yayıncılık
Yayın tarihi 2012
300 ## - FİZİKSEL TANIMLAMA
Sayfa, Cilt vb. IV, 160 sayfa ;
Boyutları 22 cm.
336 ## - İÇERİK TÜRÜ
Content type term metin
Content type code txt
Source rdacontent
337 ## - MEDYA TÜRÜ
Media type term aracısız
Media type code n
Source rdamedia
338 ## - TAŞIYICI TÜRÜ
Carrier type term cilt
Carrier type code nc
Source rdacarrier
490 1# - DİZİ BİLDİRİMİ
Dizi Bildirimi Yayın nu ;
Cilt Numarası 458.
490 1# - DİZİ BİLDİRİMİ
Dizi Bildirimi Eğitim bilimleri bilimler nu ;
Cilt Numarası 095.
500 ## - GENEL NOT
Genel Not Kaynakça var.
505 ## - İÇİNDEKİLER NOTU
İçindekiler Notu İçindekiler
650 #0 - KONU BAŞLIĞI EK GİRİŞ - KONU TERİMİ
Konusal terim veya coğrafi ad Psychology--Dictionaries--Turkish.
9 (RLIN) 95671
650 #0 - KONU BAŞLIĞI EK GİRİŞ - KONU TERİMİ
Konusal terim veya coğrafi ad Turkish language--Dictionaries--English.
9 (RLIN) 3196
650 #0 - KONU BAŞLIĞI EK GİRİŞ - KONU TERİMİ
Konusal terim veya coğrafi ad English language--Dictionaries--Turkish.
9 (RLIN) 3195
650 #0 - KONU BAŞLIĞI EK GİRİŞ - KONU TERİMİ
Konusal terim veya coğrafi ad Psikoloji--Sözlükler--Türkçe.
9 (RLIN) 95672
650 #0 - KONU BAŞLIĞI EK GİRİŞ - KONU TERİMİ
Konusal terim veya coğrafi ad Türk dili--Sözlükler--İngilizce.
9 (RLIN) 1708
650 #0 - KONU BAŞLIĞI EK GİRİŞ - KONU TERİMİ
Konusal terim veya coğrafi ad İngilizce dili--Sözlükler--Türkçe.
9 (RLIN) 95673
830 1# - SERİ EK GİRİŞİ - TEKBİÇİM ESER ADI
Tekbiçim Başlık Yayın nu ;
Volume number/sequential designation 458.
9 (RLIN) 9059
830 1# - SERİ EK GİRİŞİ - TEKBİÇİM ESER ADI
Tekbiçim Başlık Eğitim bilimleri bilimler nu ;
Volume number/sequential designation 095.
9 (RLIN) 95674
907 ## - LOCAL DATA ELEMENT G, LDG (RLIN)
a Sözlük
942 ## - EK GİRİŞ ÖGELERİ (KOHA)
Source of classification or shelving scheme Library of Congress Classification
Koha item type Book
Holdings
Materyal Türü Kalıcı Konum Mevcut Konum Raf Yeri Koleksiyon Kodu Sınıflandırma Kaynağı Edinim Bilgisi Ana Konular Alt Konular Yer Numarası Demirbaş Numarası Fatura Tarihi Maliyet, Alış Fiyatı Maliyet, Yenileme Fiyatı Geri Çekilme Durumu Kayıp Durumu Hasarlı Durumu Kredi için değil Kayıt Tarih Toplam Ödünçverme Son Görülme Tarihi Son Kontrol Tarihi Satın Alma Notu
Danışma Kaynakları Prof. Dr. Azmi Özcan Kütüphanesi Prof. Dr. Azmi Özcan Kütüphanesi Uluğbey Salonu Referans Library of Congress Classification Satın FELSEFE, PSİKOLOJİ, DİN Psikoloji BF31 .D53 2012 0051433 07/07/2015 12.41 12.41       Ödünç verilmez 29/06/2015   05/12/2024 05/12/2024 B-984687 - B-984797